Get the Picture: Dice or Cards? Quiz Stats

 Plays Quiz Updated Jun 20, 2019

Score 0/14 Timer 03:00
2 Plays Today
Question Answer Wrong Answers
Yahtzee Dice
94%
Cards
3.3%
Boggle Dice
92%
Cards
5%
Craps Dice
87.9%
Cards
9.3%
Free Cell Cards
87.1%
Dice
9.8%
Backgammon Dice
86%
Cards
11.4%
Pinochle Cards
81.4%
Dice
15.7%
Canasta Cards
79.8%
Dice
17.1%
Klondike Cards
79.3%
Dice
17.6%
Euchre Cards
78.7%
Dice
18.4%
Cribbage Cards
71.6%
Dice
25.5%
Farkle Dice
66.3%
Cards
30.5%
Bunco Dice
62.2%
Cards
34.7%
Baccarat Cards
60.2%
Dice
36.9%
Kismet Dice
52.1%
Cards
44.9%

Today's Daily Dose

You're not logged in!

Compare scores with friends on all Sporcle quizzes.
OR
Log In

Sporcle TV

Today on Sporcle TV


Watch our educational content, quiz creation guides, and fun videos on Sporcle TV.

Show Comments

Extras

Top Quizzes Today


Score Distribution

Your Account Isn't Verified!

In order to create a playlist on Sporcle, you need to verify the email address you used during registration. Go to your Sporcle Settings to finish the process.

Report this User

Report this user for behavior that violates our Community Guidelines.

Details: